000 00495nam a2200181Ia 4500
005 20250326130058.0
008 250326s9999 xx 000 0 und d
037 _aTextbook
040 _aFMSL
_beng
_cFMSL
041 _aeng
_2eng
084 _aX.44 L5
_qFMSL
100 _aGovernment OF India
245 0 _aIndia: reference annual 1975
_cGovernment OF India
260 _aLondon
_bLondon, Division
_c1975
300 _a432p
942 _cTB
_hX.44 L5
999 _c1280821
_d1280821